| 000 | 00510nam a2200181Ia 4500 | ||
|---|---|---|---|
| 008 | 160105s9999 xx 000 0 und d | ||
| 041 | _aeng | ||
| 100 | _aABDALLA, T.E.E. | ||
| 245 | _aOptimazing sowing date of faba bean for grain yield and to counter leaf miner liriomyza (burg) in new halfa. Sudan | ||
| 260 | _aAlger | ||
| 260 | _c1995 | ||
| 300 | _btabl., graph. | ||
| 653 | _aLIRIOMYZA TRIFOLIR | ||
| 654 | _xVICIA FABA/OROBANCHE | ||
| 942 | _c02 | ||
| 994 | _a114221 | ||
| 999 |
_c13974 _d41972 |
||